[Event "84th Annual Southwest Open"]
[Site "Irving"]
[Date "2018.09.02"]
[Round "5"]
[White "Baryshpolets, Andrey"]
[Black "Li, Ben"]
[Result "1-0"]
[WhiteElo "2609"]
[BlackElo "2324"]
[Annotator "TA"]
[PlyCount "65"]
[EventDate "2018.08.31"]
[EventType "swiss"]
[EventCountry "USA"]
[SourceTitle "playchess.com"]
[Source "ChessBase"]
[SourceQuality "1"]

{[%evp 21,65,0,28,19,41,26,22,16,18,17,24,18,25,29,106,104,99,91,104,106,156,127,154,152,143,152,254,200,203,212,213,218,198,181,183,170,276,216,230,211,452,440,513,512,633,629]} 1. c4 e6 2. g3 d5 3. Bg2 Nf6 4. Nf3 d4 5. O-O c5 6. e3 Nc6 7. exd4 cxd4 8. d3 Bd6 {A13: English Opening: 1...e6} 9. Bg5 h6 10. Bxf6 Qxf6 11. Nbd2 O-O {LiveBook: 4 Games} (11... Qe7 12. Rc1 O-O 13. Re1 Rd8 14. Qc2 a5 15. c5 Bc7 16. a3 {½-½ (41) Oparin,G (2587)-Matlakov,M (2699) Yaroslavl 2018}) 12. Ne4 Qe7 13. Nxd6 Qxd6 14. Re1 Bd7 $146 ({Predecessor:} 14... e5 15. b4 Bg4 16. b5 {1-0 (40) Reuker,J (2377)-Furman,B (2214) Pardubice 2018}) 15. a3 a5 16. Rc1 b6 17. Nd2 e5 (17... Rab8 $11 {keeps the balance.}) 18. c5 $36 {[%mdl 2048] White is on the roll.} bxc5 19. Ne4 Qg6 20. Nxc5 Bf5 21. h3 {[#] Hoping for g4.} h5 22. Bxc6 Qxc6 23. Qxh5 g6 (23... Bc8 $16 {keeps fighting.} 24. Ne4 (24. Rxe5 Bb7 $16) 24... Qe6) 24. Qh6 Qf6 25. g4 Bc8 26. Ne4 {[%cal Re4f6]} Qg7 27. Qxg7+ Kxg7 28. Nd6 f6 (28... Rd8 $142) 29. Rc7+ Kg8 {[#]} 30. f4 $1 {[%cal Rf4e5]} Rd8 $2 (30... Ba6 31. fxe5 fxe5) 31. fxe5 $18 {White is clearly winning.} (31. Rxc8 Rdxc8 32. Nxc8 Rxc8 $18) 31... fxe5 32. Rxe5 Bxg4 33. Ne4 {Precision: White = 89%, Black = 41%.} ({Less strong is} 33. hxg4 Rxd6 34. Rb7 Kf8 $18) 1-0

[Event "84th Annual Southwest Open"]
[Site "Irving"]
[Date "2018.09.02"]
[Round "5"]
[White "Shtembuliak, Evgeny"]
[Black "Popilski, Gil"]
[Result "1/2-1/2"]
[WhiteElo "2518"]
[BlackElo "2491"]
[Annotator "TA"]
[PlyCount "40"]
[EventDate "2018.08.31"]
[EventType "swiss"]
[EventCountry "USA"]
[SourceTitle "playchess.com"]
[Source "ChessBase"]
[SourceQuality "1"]

{[%evp 15,40,-7,0,7,8,-4,-12,-9,-7,-22,-4,-4,-3,-11,-11,-12,-5,-8,-8,-6,4,0,0,0,0,0,12]} 1. c4 g6 2. Nf3 Bg7 3. g3 c5 4. Bg2 Nc6 5. Nc3 d6 6. O-O Bf5 7. d3 {A37: Englische Eröffnung (Symmetrische Variante)} (7. h3 Qd7 8. Kh2 Nf6 9. d3 h6 10. e4 Be6 11. Be3 g5 12. Ng1 g4 13. h4 O-O 14. Nge2 Qd8 {0-1 (55) Caruana,F (2822)-So,W (2778) Stavanger 2018}) 7... Qd7 8. Bd2 Nf6 {LiveBook: 6 Partien. Die Stellung ist ausgeglichen.} 9. Rb1 Bh3 10. Nd5 {Und Lxh3 würde nun gewinnen.} Bxg2 11. Kxg2 O-O 12. Nxf6+ $146 ({Vorgänger:} 12. a3 e6 13. Nxf6+ Bxf6 14. b4 b6 {½-½ (34) Demirag,B (1992)-Zor,A (2150) Antalya 2018}) 12... Bxf6 13. b4 cxb4 14. Bxb4 d5 15. Qb3 dxc4 16. Qxc4 Rac8 {[#] Weiss muss nun ...Sd4 beachten.} 17. Qe4 Rc7 18. Rfc1 Rfc8 19. Bd2 Nd8 20. Rxc7 Rxc7 1/2-1/2

[Event "84th Annual Southwest Open"]
[Site "Irving"]
[Date "2018.09.02"]
[Round "5"]
[White "Berczes, David"]
[Black "Kovalyov, Anton"]
[Result "0-1"]
[WhiteElo "2501"]
[BlackElo "2644"]
[Annotator "TA"]
[PlyCount "74"]
[EventDate "2018.08.31"]
[EventType "swiss"]
[EventCountry "USA"]
[SourceTitle "playchess.com"]
[Source "ChessBase"]
[SourceQuality "1"]

{[%evp 23,74,0,0,0,0,0,7,-10,8,14,7,10,27,-1,0,0,8,11,12,9,12,0,0,0,0,0,0,-15,-11,-10,0,-101,-73,-83,-50,-232,-231,-225,-204,-224,-231,-296,-275,-247,-214,-219,0,-356,-343,-517,-552,-838,-820]} 1. d4 Nf6 2. c4 e6 3. Nf3 d5 4. g3 Be7 5. Bg2 O-O 6. O-O c6 7. Nc3 Nbd7 8. Qd3 b6 9. e4 Ba6 10. b3 dxc4 {E07: Katalanisch} (10... Rc8 11. Rd1 h6 12. e5 Nh7 13. Qc2 Qc7 14. Ne2 Rfd8 15. Nf4 Ng5 16. Nxg5 Bxg5 17. h4 Be7 18. Bb2 Nf8 19. Rac1 {1-0 (68) Anand,V (2770)-Anton Guijarro,D (2627) Leon 2016}) 11. bxc4 e5 12. Rd1 Qc7 {LiveBook: 3 Partien. Die Stellung ist ausgeglichen.} 13. Ne2 $146 ({Vorgänger:} 13. dxe5 Nxe5 14. Nxe5 Qxe5 15. Bf4 Qh5 16. h3 Rad8 17. Qc2 Bxc4 18. Rxd8 Rxd8 {0-1 (41) Soppe,G (2427)-Zambrana,O (2473) Asuncion 2009}) 13... Rad8 14. Qc2 Rfe8 15. Bb2 {[%cal Rd4e5]} Bd6 16. Nh4 g6 17. Rac1 Be7 18. h3 Nh5 19. Nf3 {[%cal Rf3e5]} exd4 20. Nfxd4 Ne5 21. Qa4 Qb7 22. Nf5 Rxd1+ $1 23. Rxd1 Bf8 24. Ne3 Bxc4 25. Nxc4 b5 26. Na5 Qb6 27. Qd4 (27. Qc2 $11 Qxa5 28. Bxe5 Rxe5 29. Qxc6) 27... Qxa5 $17 28. f4 b4 $36 {[%mdl 2048] Weiss steht unter Druck.} 29. Kh2 $2 {[#]} (29. Rc1 $1 $15 Qb5 30. fxe5 Qxe2 31. e6) 29... Bc5 $19 30. Qd2 Nc4 31. Qd7 Rf8 32. Ba1 Qxa2 33. Bf3 Ne3 34. Rc1 Bb6 $2 {[#]} (34... b3 $19 {...Lb6 ist eine echte Drohung.} 35. Qd3 Nc2) 35. Be5 $2 {[%mdl 8192]} (35. Qxc6 $11 {und Weiss steht sicher.} Qe6 36. Qb5) 35... Nc4 {[%cal Be3c4,Bc4d2,Bd2b3][%mdl 32]} 36. Ba1 (36. Qxc6 $142 Nxe5 37. fxe5) 36... Nd2 37. Bg2 Nb3 {Precision: Weiß = 51%, Schwarz = 78%.} 0-1

[Event "84th Annual Southwest Open"]
[Site "Irving"]
[Date "2018.09.02"]
[Round "5"]
[White "Raznikov, Danny"]
[Black "Sadorra, Julio Catalino"]
[Result "0-1"]
[WhiteElo "2498"]
[BlackElo "2555"]
[Annotator "TA"]
[PlyCount "74"]
[EventDate "2018.08.31"]
[EventType "swiss"]
[EventCountry "USA"]
[SourceTitle "playchess.com"]
[Source "ChessBase"]
[SourceQuality "1"]

{[%evp 17,74,17,23,30,29,22,19,27,45,29,34,29,52,45,35,40,50,36,47,32,51,26,29,35,29,0,58,0,0,0,0,0,0,0,0,0,37,45,59,52,44,50,41,39,39,48,70,70,71,16,16,0,0,-29990,-29991,-29994,-29995,-29998,-29999]} 1. d4 Nf6 2. Bf4 d5 3. e3 e6 4. Nf3 Bd6 5. Bxd6 Qxd6 6. c4 O-O 7. Nc3 b6 8. cxd5 exd5 9. Rc1 {D02: 1 d4 d5 2 Nf3 sidelines, including 2...Nf6 3 g3 and 2...Nf6 3 Bf4} a6 {LiveBook: 5 Games} 10. g3 (10. Bd3 c5 11. dxc5 bxc5 12. O-O Bb7 13. Qb3 Bc6 {1-0 (72) Fedoseev,V (2718)-Akobian,V (2647) Riadh 2017}) 10... Nbd7 $146 ({Predecessor:} 10... Bb7 11. Bh3 c5 12. O-O c4 13. a4 Nc6 14. b3 cxb3 {½-½ (56) Saric,A (2529)-Blazeka,M (2304) Zagreb 2014}) 11. Bg2 {White has an edge.} Bb7 12. O-O Rac8 13. Qa4 c5 14. dxc5 Nxc5 15. Qd4 Ne6 16. Qd2 b5 17. Ne2 Ne4 18. Qa5 N6c5 19. Rfd1 Qf6 20. b3 Ne6 {[%cal Bc5e6,Be6g5,Bg5f3][%mdl 32]} 21. Rxc8 Bxc8 (21... Rxc8 $11 22. Qb6 Rc2 23. Qxb7 Rxe2 24. Qb8+ Nf8) 22. Qa3 (22. Qe1 $14) 22... N6g5 $11 23. Nf4 {Black must now prevent Nxg5.} Nxf3+ 24. Bxf3 g5 25. Rxd5 gxf4 26. Bxe4 fxe3 27. fxe3 Bh3 {[%csl Gh3][%cal Rf6f1]} 28. Qc1 $1 Re8 29. Bg2 Rc8 30. Qd1 Be6 31. Rd4 a5 32. Bd5 Qe5 33. Qd2 (33. Kf2 $16) 33... Bf5 {next ...Rc2 is good for Black.} 34. e4 Bh3 $40 {[%mdl 128] Black has some attack.} 35. Bb7 $2 {[%mdl 8192] [#]} (35. Rd3 $11) 35... Qf6 $1 {[%csl Gh3][%cal Rf6f1][%mdl 512] Black mates.} 36. Qd1 {[#]} Rc2 $1 {[%mdl 512]} 37. e5 (37. Qxc2 Qf1#) 37... Qf2+ {Precision: White = 59%, Black = 67%.} 0-1

[Event "84th Annual Southwest Open"]
[Site "Irving"]
[Date "2018.09.02"]
[Round "5"]
[White "Reshef, Omer"]
[Black "Ynojosa Aponte, Felix Jose"]
[Result "1-0"]
[WhiteElo "2497"]
[BlackElo "2370"]
[Annotator "TA"]
[PlyCount "69"]
[EventDate "2018.08.31"]
[EventType "swiss"]
[EventCountry "USA"]
[SourceTitle "playchess.com"]
[Source "ChessBase"]
[SourceQuality "1"]

{[%evp 16,69,22,16,19,1,1,4,29,17,24,10,53,62,62,62,75,61,64,20,88,68,41,51,43,35,29,22,64,53,30,23,35,42,48,0,100,100,85,88,305,314,314,311,304,291,301,250,385,385,375,383,380,354,377,379]} 1. e4 c5 2. Nf3 Nc6 3. Bb5 e6 4. O-O Nge7 5. Re1 Nd4 6. Nxd4 cxd4 7. c3 a6 8. Bf1 {B30: Sicilian: 2...Nc6 3 Bb5, lines without ...g6} Nc6 9. a4 {LiveBook: 3 Games} Be7 (9... Bc5 10. b4 Bb6 11. Na3 O-O 12. Nc4 Bc7 13. cxd4 d5 14. exd5 Qxd5 15. Ba3 Nxd4 {½-½ (56) Ragger,M (2657)-Fedorov,A (2573) Katowice 2017}) 10. Na3 {The position is equal.} O-O 11. b4 {[%cal Bb2b4,Bb4b5][%mdl 32]} d5 $146 ({Predecessor:} 11... dxc3 12. dxc3 Bf6 13. Qb3 d5 {½-½ (35) Babic,D (2463)-Wenzel,S (2436) GER email 2016}) 12. b5 Na5 13. exd5 exd5 14. cxd4 Bf6 15. Bb2 Qb6 16. Nc2 axb5 17. Bxb5 Nb3 (17... Bf5 $11) 18. Ne3 Nxa1 19. Nxd5 Qd8 20. Nxf6+ Qxf6 21. Qxa1 Rd8 22. d5 Qh6 $1 23. Re3 Bf5 24. Qe1 Qd6 25. Re5 Bd7 {[#]} (25... Bc2 $11 {keeps the balance.}) 26. Bxd7 $1 $16 Qxd7 27. Rg5 $36 {[%mdl 2048] White is really pushing.} f6 $2 (27... Re8 $16 28. Rxg7+ Kf8) 28. Bxf6 $1 $18 Re8 {[%cal Re8e1]} 29. Qb1 Re7 30. Bxe7 Qxe7 31. Rg4 Qe2 (31... Qd7 $142) 32. h3 {White is winning.} Rf8 33. f3 Qxd2 34. Qa1 {[%csl Gg4][%cal Ra1g7] [#]} g6 35. Qe5 {Precision: White = 61%, Black = 47%.} 1-0

[Event "84th Annual Southwest Open"]
[Site "Irving"]
[Date "2018.09.02"]
[Round "5"]
[White "Drozdowski, Kacper"]
[Black "Wheeler, Cameron"]
[Result "0-1"]
[WhiteElo "2489"]
[BlackElo "2406"]
[Annotator "TA"]
[PlyCount "83"]
[EventDate "2018.08.31"]
[EventType "swiss"]
[EventCountry "USA"]
[SourceTitle "playchess.com"]
[Source "ChessBase"]
[SourceQuality "1"]

{[%evp 19,83,27,28,4,22,0,0,-4,-7,-15,-5,-20,0,0,0,6,25,-16,0,-12,-15,-14,0,0,0,-25,-18,-22,-7,-52,-19,-119,-104,-107,-79,-180,-192,-226,-162,-1433,-277,-1433,-1414,-12836,-12836,-12837,-12837,-12837,-11090,-5476,-2842,-29979,-29980,-29980,-29981,-29981,-29982,-29982,-29980,-29983,-29984,-29989,-29990,-29991,-29990,-29997]} 1. c4 e5 2. Nc3 Nf6 3. Nf3 Nc6 4. e3 d5 5. cxd5 Nxd5 6. Bb5 Nxc3 7. bxc3 Bd6 8. d4 e4 {A28: English Opening: Four Knights Variation} (8... Bd7 9. O-O Qe7 10. e4 O-O 11. Re1 Nxd4 12. Nxd4 exd4 13. Bxd7 Qxd7 14. cxd4 Bb4 15. Re3 Rad8 16. Bb2 Bc5 17. Rd3 {0-1 (66) Howell,D (2676)-Malakhov,V (2686) Riadh 2017}) 9. Nd2 Qg5 10. Bf1 Qg6 {LiveBook: 10 Games. White has an edge.} 11. Qb3 O-O 12. Ba3 (12. h4 {feels hotter.} h5 13. Qb5 f5 14. Nc4 Be7 15. Qb3) 12... Na5 13. Qa4 {Threatens to win with Bxd6.} Bxa3 $146 ({Predecessor:} 13... b6 14. Bxd6 cxd6 15. c4 f5 16. g3 {1-0 (36) Amin,A (2293)-Sayed,H (2043) Assiut 2008}) 14. Qxa3 b6 15. c4 f5 16. g3 {[#]} c5 $1 {[%mdl 512]} 17. d5 (17. dxc5 Be6) 17... Nb7 18. Bg2 Nd6 19. O-O Bd7 20. Qc3 Rae8 21. Qa3 Ra8 22. Qb2 Rf6 23. a4 {[%cal Ba2a4,Ba4a5][%mdl 32]} Qh5 24. a5 b5 {aiming for ...Rh6.} 25. cxb5 {[#]} (25. Rfc1 $11 {keeps the balance.}) 25... Rh6 $1 $17 {[%csl Gh6][%cal Rh5h2]} ({Of course not} 25... Bxb5 $6 26. Rfc1 $11) 26. h4 {[#] Strongly threatening Rfc1.} g5 $1 {[%cal Bg7g5,Bg5h4,Bh4g3][%mdl 32]} 27. Rfc1 (27. b6 $17 gxh4 28. Rfb1 (28. b7 $2 Rb8 $19)) 27... gxh4 $19 28. Rxc5 hxg3 $40 {[%mdl 128] ...Qh2+ is the strong threat. Black is out for blood.} 29. Qe5 $2 (29. Nf1 gxf2+ 30. Qxf2) 29... Qh2+ 30. Kf1 f4 ({Weaker is} 30... gxf2 31. Qxh2 Rxh2 32. Kxf2 $15) 31. Nxe4 Nxe4 32. Qxe4 {[#]} f3 $1 {[%mdl 512]} 33. Qxf3 Rf8 34. Qxf8+ Kxf8 35. b6 Rf6 {Black mates.} 36. f4 Bh3 37. b7 Qxg2+ 38. Ke1 Qf2+ 39. Kd1 Qb2 40. Rc8+ Kg7 41. Rc7+ Kh6 42. Ke1 {Precision: White = 35%, Black = 68%.} 0-1

[Event "84th Annual Southwest Open"]
[Site "Irving"]
[Date "2018.09.02"]
[Round "5"]
[White "Patel, Advait"]
[Black "Guo, Arthur"]
[Result "1-0"]
[WhiteElo "2475"]
[BlackElo "2283"]
[Annotator "TA"]
[PlyCount "65"]
[EventDate "2018.08.31"]
[EventType "swiss"]
[EventCountry "USA"]
[SourceTitle "playchess.com"]
[Source "ChessBase"]
[SourceQuality "1"]

{[%evp 22,65,-17,-29,0,-57,-38,-98,-84,-94,-95,-97,-31,-31,-47,-53,-53,-52,-60,-56,-54,-63,-27,-30,0,0,44,0,100,113,174,187,170,166,646,624,610,633,576,312,720,672,651,673,687,665]} 1. Nf3 Nf6 2. g3 e6 3. Bg2 b6 4. O-O Bb7 5. d3 d5 6. Nbd2 c5 7. e4 Be7 8. Re1 Nc6 9. e5 Nd7 10. c4 d4 11. Nf1 {C00: Französische Verteidigung (Seltene Züge)} (11. h4 h6 12. Nf1 Qc7 13. Qe2 O-O-O 14. Bd2 Rdg8 15. N1h2 g5 16. hxg5 hxg5 17. Ng4 Rh5 18. a3 Rgh8 {0-1 (41) Salgado Lopez,I (2641)-Salomon,J (2487) Dubai 2017}) 11... Qc7 12. Qe2 {LiveBook: 3 Partien} O-O-O 13. a3 ({Besser ist} 13. h4 $1 $11) 13... h6 $15 14. Bd2 (14. b4 $15) 14... g5 $17 {Droht ...g4 und aus.} 15. h3 a5 $146 {[%cal Ba7a5,Ba5b4][%mdl 32]} ({Vorgänger:} 15... Bf8) 16. g4 Bf8 ({Günstiger ist} 16... h5 $17) 17. Ng3 $15 Bg7 {[%cal Rd7e5]} 18. b4 axb4 ({Ein No Go ist} 18... Ndxe5 $6 19. bxc5 Nxf3+ 20. Bxf3 $16) 19. Nh5 Bf8 20. Ra2 {[%cal Ba1a2,Ba2b2,Bb2b3,Bb3a3,Ba3a5,Ba5b5][%mdl 32]} Be7 21. Rea1 b3 ({Jedoch nicht} 21... Ncxe5 $2 22. axb4 Bxf3 23. Bxf3 $18) 22. Rb2 Ndxe5 23. Rxb3 Nd7 24. a4 Nb4 {[#]} (24... Rdf8 $1 $11) 25. a5 $1 $16 {[%mdl 512]} bxa5 (25... Nb8 $16) 26. Rba3 $18 Nb8 {...S8c6 ist eine echte Drohung.} 27. Rxa5 N8c6 $2 (27... N4c6) 28. Rb5 Bd6 29. Bxb4 cxb4 30. Kh1 Bf4 $2 (30... Rd7 31. Nf6 Re7) 31. Nxf4 {Weiß steht klar auf Gewinn.} gxf4 32. Ne5 Rd6 33. c5 {Precision: Weiß = 70%, Schwarz = 40%.} 1-0

[Event "84th Annual Southwest Open"]
[Site "Irving"]
[Date "2018.09.02"]
[Round "5"]
[White "Nakar, Eylon"]
[Black "Vorontsov, Pavlo"]
[Result "1-0"]
[WhiteElo "2461"]
[BlackElo "2578"]
[Annotator "TA"]
[PlyCount "139"]
[EventDate "2018.08.31"]
[EventType "swiss"]
[EventCountry "USA"]
[SourceTitle "playchess.com"]
[Source "ChessBase"]
[SourceQuality "1"]

{[%evp 14,139,50,45,57,51,62,52,54,55,65,60,60,55,72,67,69,34,52,68,69,68,65,67,72,56,54,58,102,100,96,88,215,197,187,200,213,225,366,368,470,450,558,370,384,379,364,368,364,356,368,379,354,329,330,330,334,324,434,398,440,364,445,448,756,772,707,337,385,373,481,349,327,339,416,412,400,314,439,235,341,0,384,318,451,448,448,451,444,422,370,183,183,183,191,154,154,133,176,164,215,199,587,572,533,454,422,257,257,257,257,227,397,257,400,279,868,804,1079,279,435,419,5181,650,29953,29954,29971,29969]} 1. e4 c5 2. Nf3 Nc6 3. Bb5 g6 4. Bxc6 bxc6 5. d4 Bg7 6. dxc5 {B31: Sizilianisch (Rossolimo-Variante)} Qa5+ 7. Nbd2 Ba6 8. Rb1 {LiveBook: 4 Partien. Weiß steht etwas besser.} Rb8 $146 ({Vorgänger:} 8... Qxa2 9. b4 Rb8 10. Rb3 Bb5 11. Ra3 Qe6 12. c4 Nf6 13. cxb5 Nxe4 14. Re3 f5 15. O-O Rxb5 16. Nxe4 fxe4 17. Nd4 {1-0 (17) Artemiev,V (2692)-Potapov,P (2479) St Petersburg 2017}) 9. a3 $1 Qxc5 10. b4 Qb6 11. c4 Nh6 12. O-O O-O 13. Qc2 d6 14. Nb3 Qc7 15. Re1 Ng4 16. h3 Ne5 17. Nxe5 Bxe5 18. Be3 Bc8 19. Rbc1 c5 20. bxc5 dxc5 21. Nxc5 {[%cal Bb3c5,Bc5d3,Bd3b4,Bb4d5,Bd5e7][%mdl 32]} Rb2 22. Qa4 Bd6 (22... f5 $16) 23. Nd3 $18 Bd7 24. Qd1 Ra2 25. Nb4 Rxa3 (25... Bxb4 $142 26. axb4 Rb8) 26. Nd5 Qb8 27. c5 Ba4 28. Qf3 (28. cxd6 Bxd1 29. dxe7 {[#]} Rxe3 $1 $16 {[%mdl 512]}) 28... Bh2+ 29. Kh1 Be5 30. Nxe7+ Kh8 31. c6 Qd6 32. c7 Qxe7 33. c8=Q Rxc8 34. Rxc8+ Kg7 35. Qe2 Qd7 36. Rc5 f6 37. Ra5 Bb8 38. Qd2 Rd3 (38... Qxd2 $142 39. Bxd2 Rd3 40. Rxa4 Rxd2) 39. Qb4 ({Schlechter ist} 39. Bh6+ Kf7 $11) 39... Rd1 40. Rd5 (40. Qxb8 $142 {jetzt Txd1 und aus.} Rxe1+ 41. Kh2) 40... Rxe1+ 41. Qxe1 Qc7 {[%csl Gb8][%cal Rc7h2] [#]} 42. f4 Bc6 43. Rd4 a5 44. Rc4 Qb7 45. Bc1 Bb5 46. Rc5 (46. Rc2 $142) 46... Bc6 (46... Bd6 $142 47. Rc2 Bd3) 47. Rc4 ({Schwächer ist} 47. Qxa5 Bxe4 48. Qd2 Ba7 $16) 47... Bb5 $1 {[%cal Rb5c4]} 48. Rd4 Bc6 (48... Qa7 $142 49. Bb2 Bxf4) 49. Qxa5 Bxe4 50. Qd2 Bc6 51. Rb4 Qc8 {Weiss muss nun ...Dxh3+ beachten.} 52. Qe3 (52. Kh2 $142) 52... Bd6 53. Rb3 Bc5 54. Qd2 Qe6 55. Rg3 Qe4 56. Bb2 Qc4 (56... Bb6 $142 57. Rb3 Ba5) 57. Qc1 Qd5 $2 (57... Qxc1+ {leistet mehr Widerstand.} 58. Bxc1 Be4) 58. Rg5 Qb3 {[%cal Rb3h3]} 59. Qxc5 Qxb2 {[%mdl 4096] Endspiel KDT-KDL} 60. Rg3 ({Und nicht} 60. Qxc6 fxg5 61. fxg5 Qa1+ 62. Kh2 Qe5+ 63. g3 Qxg5 $11) 60... Qb1+ 61. Kh2 Qe4 62. Qf2 Qd5 $2 (62... Bd5 63. Ra3 Qc4) 63. Rc3 h5 (63... Qe4 {war einen Versuch wert.} 64. Rc2 Qa4) 64. Rc2 Qe4 $2 (64... Be8 65. Qa7+ Bf7) 65. Re2 Qb4 66. Qe3 $2 (66. Qa7+ Kh6 67. Qc7) 66... Kf8 (66... Bd5 $142 67. Rd2 Qc4 68. Qa7+ Kh8) 67. Rc2 Qd6 (67... Bd7 $142 68. Rc5 h4) 68. Rd2 (68. Qb6 $142 Qxf4+ 69. g3) 68... Qc7 69. Qc5+ Kg7 70. Rd6 {Precision: Weiß = 68%, Schwarz = 34%.} 1-0

[Event "84th Annual Southwest Open"]
[Site "Irving"]
[Date "2018.09.02"]
[Round "5"]
[White "Javakhadze, Zurab"]
[Black "Wang, Justin"]
[Result "1-0"]
[WhiteElo "2438"]
[BlackElo "2391"]
[Annotator "TA"]
[PlyCount "118"]
[EventDate "2018.08.31"]
[EventType "swiss"]
[EventCountry "USA"]
[SourceTitle "playchess.com"]
[Source "ChessBase"]
[SourceQuality "1"]

{[%evp 14,118,0,0,6,0,43,41,39,-13,-14,-15,0,-21,32,39,29,27,20,29,43,36,23,37,32,34,31,30,35,0,68,52,75,76,103,101,105,101,101,81,105,105,97,91,107,97,100,97,100,95,96,95,103,73,63,31,85,25,67,45,111,108,158,155,153,146,227,137,400,408,419,415,406,397,381,365,600,597,601,588,681,667,627,442,628,610,783,722,896,904,859,778,29988,1384,29989,29986,29988,29980,29987,7355,29971,29974,29974,29975,29987,29988,29992]} 1. Nf3 Nf6 2. c4 e6 3. g3 d5 4. Bg2 dxc4 5. O-O Nbd7 (5... c5 6. Na3 Be7 7. Nxc4 Nc6 8. b3 O-O 9. Bb2 Bd7 10. d4 cxd4 11. Nxd4 Rc8 12. Nb5 a6 13. Nbd6 Rc7 14. Rc1 Qb8 15. e4 b5 16. e5 Nd5 17. Bxd5 exd5 {1-0 (31) Wei,Y (2743)-Yu,Y (2751) Shenzhen 2017}) 6. Na3 {A13: English Opening: 1...e6} Bxa3 7. bxa3 O-O 8. Qc2 {LiveBook: 14 Games. The position is equal.} Rb8 9. a4 b6 $146 ({Predecessor:} 9... a6 10. Rb1 c5 11. Qxc4 Qa5 12. d4 b5 13. axb5 axb5 14. Qb3 c4 15. Qa3 Ra8 {½-½ (15) Sanjay,N (2331)-Satyapragyan,S (2436) Panaji 2012}) 10. Nd4 {[#] Black must now prevent Nc6.} Bb7 11. Nc6 (11. Bxb7 $14 Rxb7 12. Nc6) 11... Bxc6 $1 $11 12. Bxc6 Ne5 13. Bg2 a6 (13... Qd6 $11) 14. Bb2 Qd6 15. Qc3 Ned7 16. Qxc4 Qxd2 17. Bc3 Qd6 18. Qxa6 Nd5 19. Bb2 Ra8 20. Qc4 Qc5 21. Qd3 $40 {[%mdl 128] Black needs to defend precisely.} Qa5 (21... Rxa4 $11 22. e4 N5f6) 22. Rfc1 $14 Rac8 23. Qb5 Qxb5 24. axb5 Rfd8 25. Bd4 N7f6 26. a4 Kf8 27. Rc4 Ne8 28. Rac1 Ne7 29. e3 f6 30. f4 Rb8 31. g4 Rd7 32. Kf2 Kf7 33. Ke2 Rbd8 34. R4c2 Kg8 ({Black should play} 34... Nd5 $14) 35. Bb2 (35. Be4 $16) 35... Kf7 36. Be4 h6 {[#]} (36... Nd5 $14) 37. h4 $1 $16 {[%cal Bh2h4,Bh4h5][%mdl 32]} Nd5 38. h5 Kg8 39. Ba3 Ra8 (39... Ne7 $16 40. Kf2 Nd6) 40. Rc6 Rxa4 $2 {[%mdl 8192]} (40... f5 $16 41. gxf5 Rxa4 42. fxe6 Nxf4+ 43. Kf3 Rd2) 41. Rxe6 $18 Kf7 42. Bxd5 Rxd5 43. Re7+ Kf8 44. Rd7+ Rxa3 $2 (44... Nd6) 45. Rxd5 {[%mdl 4096] Endgame KRR-KRN} Ke7 46. Rc4 {Re4+ is the strong threat.} Ke6 47. Rd8 Ke7 48. Rd2 Kf8 (48... Ra8 $142 49. Kf3 Rc8 50. Re4+ Kf8) 49. Rd7 f5 50. gxf5 Nf6 51. Rd3 Ra2+ 52. Kf3 Kg8 53. Rxc7 (53. Rd8+ $142 Kh7 54. Rxc7 Ne8 55. Rcc8 Kg8 56. Rxe8+ Kf7 57. Re6 Ra7 58. Rxb6) 53... Kh7 54. Rc8 Nd7 55. Rd6 Rh2 56. Re6 (56. Rc7 $142 Nf8 57. f6 Rh3+ 58. Ke4 Rg3 59. fxg7 Rxg7 60. Rxg7+ Kxg7 61. Rxb6) 56... Nf6 57. Rxb6 {White mates.} Nd7 58. Re6 Nf6 59. b6 Rh3+ {Precision: White = 73%, Black = 34%.} 1-0

[Event "84th Annual Southwest Open"]
[Site "Irving"]
[Date "2018.09.02"]
[Round "5"]
[White "Ostrovskiy, Aleksandr"]
[Black "Checa, Nicolas"]
[Result "1/2-1/2"]
[WhiteElo "2425"]
[BlackElo "2478"]
[Annotator "TA"]
[PlyCount "75"]
[EventDate "2018.08.31"]
[EventType "swiss"]
[EventCountry "USA"]
[SourceTitle "playchess.com"]
[Source "ChessBase"]
[SourceQuality "1"]

{[%evp 19,75,0,0,0,0,-5,-8,-18,-6,-17,-22,-21,-6,-10,0,-20,5,0,5,0,2,9,24,17,18,14,28,22,22,0,31,32,31,14,14,14,14,16,52,45,50,13,35,17,18,19,21,0,0,0,0,0,0,0,0,0,0,0]} 1. c4 Nf6 2. Nf3 c6 3. Nc3 d5 4. e3 a6 5. Qc2 (5. d4 Bf5 6. Qb3 b5 7. c5 a5 8. Ne5 a4 9. Qd1 g6 10. Be2 Bg7 11. O-O O-O 12. g4 Be6 13. f3 Nfd7 14. Nd3 {½-½ (41) Navara,D (2727)-Eljanov,P (2702) Brest 2018}) 5... g6 6. d4 {A11: English Opening: 1...c6} Bf5 7. Bd3 Bxd3 8. Qxd3 Bg7 9. O-O O-O 10. e4 dxe4 {LiveBook: 3 Games} 11. Nxe4 Nbd7 {[%cal Bb8d7,Bd7f8,Bf8e6][%mdl 32]} 12. Nxf6+ exf6 $146 ({Predecessor:} 12... Nxf6) 13. Qc2 Re8 14. Bf4 f5 15. Rfe1 Rxe1+ 16. Rxe1 Nf8 17. Be5 Ne6 18. Bxg7 Kxg7 19. Rd1 Qd6 20. d5 cxd5 21. Rxd5 Qe7 22. Qd2 Rd8 23. g3 Qf6 24. Rxd8 (24. b4 {is interesting.} Rc8 25. Ne5 f4 26. Qc1 Ng5 27. Kf1) 24... Qxd8 (24... Nxd8 {seems wilder.} 25. b4 Ne6 26. c5 Qa1+ 27. Kg2 Qb1) 25. Qxd8 Nxd8 $11 {[%mdl 4096] Endgame KN-KN} 26. Ne5 Kf6 27. f4 Ke6 28. Kf2 Kd6 29. Ke3 f6 30. Nd3 (30. Nf3 {looks sharper.} Kc5 31. Kd3 Ne6 32. a3 a5 33. Kc3) 30... a5 31. b3 Ne6 {The position is equal.} 32. a3 Kc6 33. b4 axb4 $1 34. axb4 b5 35. Nb2 bxc4 36. Nxc4 Kb5 37. Nd6+ Kxb4 38. Ne8 {Precision: White = 58%, Black = 65%.} 1/2-1/2